[Event "Aaronson Masters 2nd"]
[Site "London"]
[Date "1979.04.12"]
[Round "1"]
[White "Bailey, Richard"]
[Black "Chandler, Murray G"]
[Result "1/2-1/2"]
[WhiteElo "2305"]
[BlackElo "2380"]
[PlyCount "54"]
[EventDate "1979.04.12"]
[EventType "swiss"]
[EventRounds "9"]
[EventCountry "ENG"]

1. d4 Nf6 2. c4 g6 3. Nc3 d5 4. Nf3 Bg7 5. Qb3 dxc4 6. Qxc4 O-O 7. e4 Nfd7 8.
Be3 Nb6 9. Qc5 N8d7 10. Qa5 e5 11. Nxe5 Nxe5 12. dxe5 Be6 13. f4 Bc4 14. Rd1
Qh4+ 15. g3 Qh5 16. Bg2 f6 17. b3 Ba6 18. Bxb6 cxb6 19. Qd5+ Kh8 20. e6 Qg4 21.
e7 Rfe8 22. Qd7 f5 23. e5 g5 24. Kf2 gxf4 25. Qxe8+ Rxe8 26. Rd8 Qh5 27. Rhd1
Kg8 1/2-1/2

[Event "Aaronson Masters 2nd"]
[Site "London"]
[Date "1979.04.12"]
[Round "1"]
[White "Basman, Michael J"]
[Black "Kouatly, Bachar"]
[Result "1-0"]
[WhiteElo "2405"]
[BlackElo "2335"]
[PlyCount "79"]
[EventDate "1979.04.12"]
[EventType "swiss"]
[EventRounds "9"]
[EventCountry "ENG"]

1. b4 e5 2. a3 d5 3. Bb2 Bd6 4. e3 Ne7 5. Nf3 Bg4 6. h3 Bxf3 7. Qxf3 O-O 8. c4
c6 9. cxd5 cxd5 10. Nc3 Bc7 11. Nb5 Nbc6 12. Nxc7 Qxc7 13. Qg3 Rac8 14. Bd3 f6
15. Rc1 e4 16. Qxc7 Rxc7 17. Bb1 Rfc8 18. Ke2 Ne5 19. Rxc7 Rxc7 20. Bc3 Nc4 21.
a4 Nb6 22. Bc2 Kf7 23. Rb1 Ke6 24. f3 f5 25. Bb3 Nc6 26. b5 Ne5 27. f4 Nd3 28.
g4 fxg4 29. hxg4 h6 30. Bc2 d4 31. Bb3+ Kd7 32. Bxd4 Rc1 33. Ba2 Nxa4 34. Bxg7
Ke7 35. f5 Nac5 36. f6+ Kd7 37. f7 Ne6 38. Bxe6+ Kxe6 39. f8=Q Rxb1 40. Qf5+
1-0

[Event "Aaronson Masters 2nd"]
[Site "London"]
[Date "1979.04.12"]
[Round "1"]
[White "Fuller, Maxwell L"]
[Black "Britton, Richard"]
[Result "0-1"]
[WhiteElo "2380"]
[BlackElo "2320"]
[PlyCount "76"]
[EventDate "1979.04.12"]
[EventType "swiss"]
[EventRounds "9"]
[EventCountry "ENG"]

1. Nf3 Nf6 2. g3 b6 3. Bg2 Bb7 4. O-O e6 5. d3 d5 6. Nbd2 Nbd7 7. e4 dxe4 8.
Ng5 Nc5 9. Ndxe4 Ncxe4 10. Nxe4 Nxe4 11. Bxe4 Bxe4 12. dxe4 Bc5 13. Qg4 Qf6 14.
c3 h5 15. Qe2 O-O-O 16. b4 Be7 17. Bf4 e5 18. Be3 Qc6 19. Bd2 h4 20. g4 h3 21.
Rfd1 g6 22. f3 f5 23. Be1 Rdf8 24. Rd5 fxg4 25. fxg4 Rf7 26. Bg3 Rhf8 27. Bxe5
Rf2 28. Qa6+ Kb8 29. Rad1 Bh4 30. Rd7 Rg2+ 31. Kh1 Rg1+ 32. Kxg1 Bf2+ 33. Kf1
Bd4+ 34. Ke1 Qxc3+ 35. Rd2 Qc1+ 36. Rd1 Qe3+ 37. Qe2 Rf1+ 38. Kxf1 Qg1# 0-1

[Event "Aaronson Masters 2nd"]
[Site "London"]
[Date "1979.04.12"]
[Round "1"]
[White "Giffard, Nicolas"]
[Black "Taulbut, Shaun M"]
[Result "0-1"]
[WhiteElo "2330"]
[BlackElo "2390"]
[PlyCount "56"]
[EventDate "1979.04.12"]
[EventType "swiss"]
[EventRounds "9"]
[EventCountry "ENG"]

1. d4 g6 2. c4 Bg7 3. Nc3 d6 4. Nf3 Bg4 5. Qb3 Bxf3 6. gxf3 Bxd4 7. Qxb7 Bxc3+
8. bxc3 Nd7 9. h4 h5 10. f4 e6 11. f5 exf5 12. Bg2 Rb8 13. Qxa7 Ngf6 14. Bg5
O-O 15. O-O Nc5 16. Rfb1 Rc8 17. a4 Qe7 18. Rb5 Qe5 19. Be3 Ng4 20. Bxc5 dxc5
21. Qxc5 Qh2+ 22. Kf1 Rce8 23. a5 Qxh4 24. a6 Re5 25. Qd4 c5 26. Rxc5 Re4 27.
Bxe4 fxe4 28. Kg2 Qh2+ 0-1

[Event "Aaronson Masters 2nd"]
[Site "London"]
[Date "1979.04.12"]
[Round "1"]
[White "Goodman, David SC"]
[Black "Nikolic, Stanimir"]
[Result "1-0"]
[WhiteElo "2340"]
[BlackElo "2440"]
[PlyCount "114"]
[EventDate "1979.04.12"]
[EventType "swiss"]
[EventRounds "9"]
[EventCountry "ENG"]

1. d4 e6 2. c4 b6 3. a3 Bb7 4. Nc3 Nf6 5. Nf3 Be7 6. d5 O-O 7. e4 exd5 8. exd5
Re8 9. Be2 d6 10. Nd4 Nbd7 11. b4 Qc8 12. O-O Bf8 13. Bb2 Ne5 14. h3 Ba6 15.
Qb3 Bb7 16. f4 Ng6 17. Qc2 a6 18. Qd2 Ne7 19. Bf3 c5 20. dxc6 Nxc6 21. Nxc6
Bxc6 22. Qd4 Qb7 23. Nd5 Nxd5 24. cxd5 Ba4 25. Rac1 Rab8 26. Rfe1 Qd7 27. Be4
Bb5 28. Re3 Re7 29. Rce1 Ree8 30. Kh2 f5 31. Bc2 Rxe3 32. Rxe3 Rc8 33. Bb3 Rb8
34. Re6 a5 35. Bc2 Qf7 36. Re3 a4 37. Qd1 Rc8 38. Re6 Bd7 39. Bxa4 Bxe6 40.
dxe6 Qxe6 41. Bb3 Rc4 42. Qd4 d5 43. Bxc4 dxc4 44. a4 Qc6 45. a5 b5 46. Bc3 Kf7
47. Qa7+ Ke6 48. Qb8 Bd6 49. Qg8+ Kd7 50. Qxg7+ Be7 51. Qe5 Kd8 52. Qxf5 Bd6
53. Qf6+ Kc7 54. Qg7+ Kb8 55. Qg8+ Kb7 56. Qxh7+ Ka6 57. Qf5 Bc7 1-0

[Event "Aaronson Masters 2nd"]
[Site "London"]
[Date "1979.04.12"]
[Round "1"]
[White "Jackson, Sheila"]
[Black "Rellstab, Ludwig"]
[Result "1-0"]
[WhiteElo "2095"]
[BlackElo "2220"]
[PlyCount "99"]
[EventDate "1979.04.12"]
[EventType "swiss"]
[EventRounds "9"]
[EventCountry "ENG"]

1. e4 e5 2. Nf3 d6 3. d4 Nf6 4. Nc3 Nbd7 5. Bc4 Be7 6. Ng5 O-O 7. Bxf7+ Rxf7 8.
Ne6 Qe8 9. Nxc7 Qd8 10. Nxa8 b5 11. a3 Bb7 12. d5 Bxa8 13. Qe2 a6 14. O-O Ne8
15. Na2 Nf8 16. a4 Qb8 17. axb5 axb5 18. Nb4 Bd8 19. Be3 Ng6 20. g3 Nf6 21. f3
Bb6 22. Ra6 Bxe3+ 23. Qxe3 Bb7 24. Ra5 Bc8 25. Nc6 Qc7 26. Rxb5 Ne7 27. Nb4 Rf8
28. Ra1 Nd7 29. b3 Nc5 30. Rba5 Bb7 31. Kg2 Nc8 32. Nd3 Nd7 33. c4 Ncb6 34. c5
dxc5 35. Nxc5 Nxd5 36. exd5 Bxd5 37. Ne4 Qc2+ 38. Kg1 Qxb3 39. Qxb3 Bxb3 40.
Nd2 Be6 41. Ra8 Rxa8 42. Rxa8+ Kf7 43. Ra7 h6 44. Ne4 Ke8 45. h4 Bd5 46. Kf2
Ke7 47. Nc5 Be6 48. Ke3 Kd6 49. Ra6+ Kxc5 50. Rxe6 1-0

[Event "Aaronson Masters 2nd"]
[Site "London"]
[Date "1979.04.12"]
[Round "1"]
[White "Ligterink, Gert"]
[Black "Macpherson, H Dugald"]
[Result "0-1"]
[WhiteElo "2440"]
[BlackElo "2330"]
[PlyCount "84"]
[EventDate "1979.04.12"]
[EventType "swiss"]
[EventRounds "9"]
[EventCountry "ENG"]

1. e4 Nf6 2. e5 Nd5 3. d4 d6 4. Nf3 g6 5. Bc4 Nb6 6. Bb3 Bg7 7. Qe2 Nc6 8. O-O
O-O 9. c3 Bg4 10. Bf4 Qd7 11. Nbd2 Qf5 12. Bg3 dxe5 13. dxe5 e6 14. h3 Bh5 15.
Bh2 Rad8 16. Qe1 Bxf3 17. Nxf3 Qd3 18. Rd1 Qb5 19. Nd4 Nxd4 20. cxd4 Rd7 21.
Bf4 a5 22. Bc1 a4 23. Bc2 Qc4 24. Qe4 Qxa2 25. f4 Rfd8 26. g4 Qd5 27. Qxd5 Rxd5
28. Be4 Rxd4 29. Rxd4 Rxd4 30. Bxb7 Nd5 31. Bc8 Bf8 32. Kh2 Bb4 33. Rf2 Rc4 34.
Rf1 Rc2+ 35. Kg3 Bd2 36. Bxd2 Rxd2 37. Bb7 Rxb2 38. Bxd5 exd5 39. f5 a3 40. Rf3
a2 41. Ra3 Rb3+ 42. Rxb3 a1=Q 0-1

[Event "Aaronson Masters 2nd"]
[Site "London"]
[Date "1979.04.12"]
[Round "1"]
[White "Rivas Pastor, Manuel"]
[Black "Short, Nigel David"]
[Result "1-0"]
[WhiteElo "2365"]
[BlackElo "2260"]
[PlyCount "45"]
[EventDate "1979.04.12"]
[EventType "swiss"]
[EventRounds "9"]
[EventCountry "ENG"]

1. d4 Nf6 2. Nf3 e6 3. c4 b6 4. Bf4 Bb7 5. e3 Bb4+ 6. Nbd2 O-O 7. Bd3 Bxd2+ 8.
Nxd2 Bxg2 9. Rg1 Bb7 10. Bh6 Ne8 11. Bg5 Nf6 12. Qc2 d5 13. Bxh7+ Kh8 14. Rg3
Nbd7 15. Rh3 c5 16. cxd5 cxd4 17. dxe6 dxe3 18. fxe3 Rc8 19. Qa4 Bg2 20. exd7
Bxh3 21. Qh4 Bxd7 22. Be4+ Kg8 23. Bxf6 1-0

[Event "Aaronson Masters 2nd"]
[Site "London"]
[Date "1979.04.12"]
[Round "1"]
[White "Strauss, David J"]
[Black "Littlewood, Paul E"]
[Result "0-1"]
[WhiteElo "2345"]
[BlackElo "2405"]
[PlyCount "78"]
[EventDate "1979.04.12"]
[EventType "swiss"]
[EventRounds "9"]
[EventCountry "ENG"]

1. c4 Nf6 2. Nc3 e5 3. Nf3 Nc6 4. d3 Bb4 5. Bd2 O-O 6. g3 Re8 7. Bg2 d6 8. O-O
h6 9. a3 Bxc3 10. Bxc3 Be6 11. Rc1 Qd7 12. Re1 Bh3 13. Bh1 Ng4 14. d4 e4 15. d5
Ne7 16. Nh4 Nf5 17. Nxf5 Qxf5 18. Qd4 Nf6 19. Qe3 Re7 20. Qf4 Qxf4 21. gxf4 Nd7
22. b4 Kh7 23. Bd4 a5 24. Rb1 axb4 25. axb4 g5 26. Rb3 Bf5 27. fxg5 hxg5 28. c5
Kg6 29. f3 Nf6 30. cxd6 cxd6 31. fxe4 Nxe4 32. e3 Rc7 33. Rb2 Rac8 34. Rf1 Rc1
35. Bg2 Rxf1+ 36. Bxf1 Rc1 37. Kg2 Nf6 38. Kf2 Ng4+ 39. Kg1 Bd3 0-1

[Event "Aaronson Masters 2nd"]
[Site "London"]
[Date "1979.04.12"]
[Round "1"]
[White "Wade, Robert G"]
[Black "Watson, John"]
[Result "0-1"]
[WhiteElo "2345"]
[BlackElo "2375"]
[PlyCount "88"]
[EventDate "1979.04.12"]
[EventType "swiss"]
[EventRounds "9"]
[EventCountry "ENG"]

1. Nf3 Nf6 2. g3 g6 3. b3 Bg7 4. Bb2 d6 5. d4 O-O 6. Bg2 Nfd7 7. O-O Nc6 8. Nc3
e5 9. e3 Re8 10. Nd5 Ne7 11. dxe5 dxe5 12. Nxe7+ Qxe7 13. Nd2 Nf6 14. Nc4 e4
15. a4 h5 16. h3 Bf5 17. Kh2 Rad8 18. Qe2 Nd5 19. Bxg7 Kxg7 20. Qe1 c6 21. Rd1
Qc7 22. Rd4 Re7 23. Qa1 f6 24. Kg1 c5 25. Rd2 Red7 26. Rfd1 b6 27. Na3 a6 28.
a5 b5 29. c4 Nxe3 30. Rxd7+ Rxd7 31. Rxd7+ Bxd7 32. cxb5 Nxg2 33. b6 Qc6 34.
Nc4 e3 35. fxe3 Bxh3 36. Kh2 Ne1 37. Qb2 Bc8 38. e4 Nf3+ 39. Kh1 Nd4 40. Kg1
Bb7 41. Nd2 Qb5 42. Nc4 Bxe4 43. Kf2 Bc6 44. Nd6 Qd3 0-1

[Event "Aaronson Masters 2nd"]
[Site "London"]
[Date "1979.04.13"]
[Round "2"]
[White "Borm, Frans"]
[Black "Basman, Michael J"]
[Result "0-1"]
[WhiteElo "2320"]
[BlackElo "2405"]
[PlyCount "124"]
[EventDate "1979.04.12"]
[EventType "swiss"]
[EventRounds "9"]
[EventCountry "ENG"]

1. e4 e6 2. d4 a6 3. Nf3 b5 4. Bd3 c5 5. dxc5 Bxc5 6. O-O Bb7 7. a4 bxa4 8.
Rxa4 Ne7 9. Nc3 O-O 10. Qe2 Ng6 11. e5 Bxf3 12. Qxf3 Nc6 13. Qh5 Bd4 14. Ne4
Qh4 15. Qxh4 Nxh4 16. c3 Bb6 17. Nf6+ gxf6 18. Rxh4 f5 19. Re1 Bc7 20. f4 Ne7
21. g4 Ng6 22. Rh5 fxg4 23. Kg2 f5 24. h3 gxh3+ 25. Kf3 Rf7 26. Rxh3 Rg7 27.
Be3 a5 28. Bc5 Rb8 29. Rh2 a4 30. Ba3 Bd8 31. Bc2 Nh4+ 32. Ke2 Rg4 33. Rf1 Ra8
34. Bc5 Ng6 35. Be3 a3 36. bxa3 Rxa3 37. Rb1 Rxc3 38. Bd1 Bc7 39. Kd2 Rxe3 40.
Kxe3 Rxf4 41. Bf3 Bxe5 42. Ra2 Bd4+ 43. Ke2 Ne5 44. Rf1 Rh4 45. Ra8+ Kg7 46.
Kd1 Nc4 47. Rh1 Rxh1+ 48. Bxh1 h5 49. Ke2 d5 50. Kd3 Bf6 51. Ra6 Kf7 52. Ra7+
Be7 53. Ke2 h4 54. Bg2 Kf6 55. Kd3 Ne5+ 56. Ke2 Ng6 57. Kf1 Nf4 58. Bf3 d4 59.
Rb7 e5 60. Rb6+ Kg5 61. Rb5 Bf6 62. Kf2 Kg6 0-1

[Event "Aaronson Masters 2nd"]
[Site "London"]
[Date "1979.04.13"]
[Round "2"]
[White "Chandler, Murray G"]
[Black "Sowray, Peter John"]
[Result "0-1"]
[WhiteElo "2380"]
[BlackElo "2210"]
[PlyCount "66"]
[EventDate "1979.04.12"]
[EventType "swiss"]
[EventRounds "9"]
[EventCountry "ENG"]

1. e4 Nf6 2. e5 Nd5 3. d4 d6 4. Nf3 dxe5 5. Nxe5 Nd7 $5 6. Nxf7 $5 Kxf7 7. Qh5+
Ke6 8. c4 (8. Qg4+ Kf7 9. Qh5+ Ke6 10. Qg4+ {(tacit offer of draw but...)} Kd6
11. c4 N7b6 12. Qg3+ Ke6 13. cxd5+ Qxd5 14. Nc3 Qxd4 15. Be3 Qb4 16. a3 Qxb2
17. Bc4+ Kd7 18. Rd1+ Ke8 19. Nb5 {1-0, Fischer-Larsen, Santa Monica friendly
game 1966}) (8. g3 $5 {Tal}) 8... N5f6 9. d5+ Kd6 10. Qf5 (10. Qf7 Nb8 11. c5+
Kd7 12. Bb5+ c6 13. dxc6+ bxc6 14. O-O Qa5 15. Rd1+ Kc7 16. Bf4+ Kb7 17. Be2
Qxc5 18. Be3 Qf5 19. Qb3+ Kc7 20. Nc3) 10... Nc5 11. Bf4+ e5 12. Bxe5+ Ke7 13.
Bxf6+ gxf6 14. Qf3 Kf7 15. Nc3 Qe7+ 16. Be2 Qe5 17. O-O Bd6 18. g3 h5 19. Qg2
h4 20. Rfe1 hxg3 21. hxg3 Bh3 22. Qf3 Rag8 23. Bf1 Bg4 24. Qg2 Qh5 25. Be2 Nd3
26. Bxg4 Rxg4 27. Re4 Nf4 28. Rxf4 Bxf4 29. Ne2 Bd6 30. Rc1 Rg7 31. c5 Qxe2 32.
cxd6 cxd6 33. Rc7+ Kg6 {Source: CHESS, July 1979, pps 277-280} 0-1

[Event "Aaronson Masters 2nd"]
[Site "London"]
[Date "1979.04.13"]
[Round "2"]
[White "Formanek, Edward W"]
[Black "Norman, Kenneth I"]
[Result "1-0"]
[WhiteElo "2410"]
[BlackElo "2240"]
[PlyCount "57"]
[EventDate "1979.04.12"]
[EventType "swiss"]
[EventRounds "9"]
[EventCountry "ENG"]

1. e4 e5 2. Nf3 Nc6 3. Bb5 a6 4. Ba4 d6 5. O-O Bd7 6. c3 Nge7 7. Bb3 Ng6 8. d4
h6 9. Nbd2 Be7 10. Nc4 Bg5 11. Nxg5 hxg5 12. g3 Qf6 13. dxe5 dxe5 14. f3 O-O-O
15. Rf2 Be6 16. Bd2 Qe7 17. Ne3 Bxb3 18. axb3 Qd7 19. Nd5 f6 20. b4 Nce7 21. c4
Kb8 22. b5 axb5 23. Qb3 Nxd5 24. Qa3 c6 25. cxd5 cxd5 26. Be3 b4 27. Qa7+ Kc7
28. Qb6+ Kb8 29. Ra8+ 1-0

[Event "Aaronson Masters 2nd"]
[Site "London"]
[Date "1979.04.13"]
[Round "2"]
[White "Hebden, Mark L"]
[Black "Ligterink, Gert"]
[Result "0-1"]
[WhiteElo "2230"]
[BlackElo "2440"]
[PlyCount "60"]
[EventDate "1979.04.12"]
[EventType "swiss"]
[EventRounds "9"]
[EventCountry "ENG"]

1. e4 c5 2. f4 g6 3. Nf3 Bg7 4. Nc3 Nc6 5. Bb5 Nd4 6. a4 e6 7. e5 a6 8. Bd3
Nxf3+ 9. Qxf3 d5 10. exd6 Qxd6 11. Ne4 Qc7 12. c3 Ne7 13. Bc2 O-O 14. d3 a5 15.
Be3 b6 16. O-O Bb7 17. Qh3 Nd5 18. Rae1 Rad8 19. Bc1 Bc6 20. g4 Qd7 21. g5 Kh8
22. Qh4 Ne7 23. b3 Nf5 24. Qh3 Bxc3 25. Nxc3 Qd4+ 26. Rf2 Qxc3 27. Ref1 Nd4 28.
f5 exf5 29. Bb1 Kg8 30. Ba2 Rfe8 0-1

[Event "Aaronson Masters 2nd"]
[Site "London"]
[Date "1979.04.13"]
[Round "2"]
[White "King, Daniel J"]
[Black "Macdonald-Ross, Michael"]
[Result "1-0"]
[WhiteElo "2265"]
[BlackElo "2270"]
[PlyCount "50"]
[EventDate "1979.04.12"]
[EventType "swiss"]
[EventRounds "9"]
[EventCountry "ENG"]

1. e4 Nc6 2. d4 d5 3. Nc3 dxe4 4. d5 Ne5 5. Bf4 Ng6 6. Bg3 a6 7. h4 h5 8. Nxe4
e5 9. dxe6 Bxe6 10. Nf3 Qxd1+ 11. Rxd1 Rc8 12. Bd3 Bb4+ 13. c3 Be7 14. Nd4 Bd7
15. Ng5 Bxg5 16. hxg5 N8e7 17. Be4 h4 18. Bh2 c5 19. Nb3 c4 20. Na5 Bc6 21.
Nxb7 Bxe4 22. Nd6+ Kd7 23. Nxe4+ Ke6 24. O-O Rcd8 25. Nd6 Ne5 1-0

[Event "Aaronson Masters 2nd"]
[Site "London"]
[Date "1979.04.13"]
[Round "2"]
[White "Kopec, Danny"]
[Black "Speelman, Jonathan S"]
[Result "1/2-1/2"]
[WhiteElo "2365"]
[BlackElo "2470"]
[PlyCount "38"]
[EventDate "1979.04.12"]
[EventType "swiss"]
[EventRounds "9"]
[EventCountry "ENG"]

1. d4 Nf6 2. Nf3 e6 3. g3 d5 4. Bg2 Be7 5. O-O O-O 6. c4 dxc4 7. Nc3 Nbd7 8. e4
c6 9. a4 b6 10. Qe2 Ba6 11. Rd1 Re8 12. Bf4 Qc8 13. Qc2 Bb7 14. Nd2 c5 15. d5
exd5 16. Nxd5 Nxd5 17. exd5 c3 18. bxc3 c4 19. a5 Nf6 1/2-1/2

[Event "Aaronson Masters 2nd"]
[Site "London"]
[Date "1979.04.13"]
[Round "2"]
[White "Littlewood, Paul E"]
[Black "Sanz Alonso, Francisco Javier"]
[Result "1/2-1/2"]
[WhiteElo "2405"]
[BlackElo "2390"]
[PlyCount "36"]
[EventDate "1979.04.12"]
[EventType "swiss"]
[EventRounds "9"]
[EventCountry "ENG"]
[SourceTitle "Littlewood, Paul"]
[Source "BritBase"]
[SourceDate "2021.09.21"]
[SourceVersion "1"]
[SourceVersionDate "2021.09.21"]
[SourceQuality "1"]

1. e4 e5 2. Bc4 Nc6 3. d3 Nf6 4. Nf3 Bc5 5. Nc3 d6 6. Be3 Bb6 7. h3 Be6 8. Bb3
O-O 9. Bg5 h6 10. Bh4 Nd4 11. Na4 Ba5+ 12. Kf1 g5 13. Bg3 Nxb3 14. axb3 Nh5 15.
Bh2 Nf4 16. Bxf4 exf4 17. Nc5 dxc5 18. Rxa5 b6 {Source: Paul Littlewood}
1/2-1/2

[Event "Aaronson Masters 2nd"]
[Site "London"]
[Date "1979.04.13"]
[Round "2"]
[White "Short, Nigel David"]
[Black "Giffard, Nicolas"]
[Result "0-1"]
[WhiteElo "2260"]
[BlackElo "2330"]
[PlyCount "64"]
[EventDate "1979.04.12"]
[EventType "swiss"]
[EventRounds "9"]
[EventCountry "ENG"]

1. e4 c5 2. Nf3 e6 3. d3 Nc6 4. g3 d5 5. Nbd2 Nge7 6. Bg2 g6 7. h4 h6 8. O-O
Bg7 9. Re1 b6 10. e5 a5 11. c4 Ra7 12. cxd5 exd5 13. Nf1 Be6 14. Bf4 O-O 15.
N1h2 Qd7 16. Qd2 Kh7 17. Rac1 a4 18. Kh1 c4 19. dxc4 dxc4 20. Qe2 Nb4 21. Red1
Nd3 22. Bf1 Qb5 23. Rc2 Rd7 24. Kg1 Rfd8 25. Rcd2 Nd5 26. Be3 Nxe3 27. Qxe3
Nxb2 28. Rb1 Rxd2 29. Nxd2 Qxe5 30. Qxe5 Bxe5 31. Rxb2 Bxb2 32. Nxc4 a3 0-1

[Event "Aaronson Masters 2nd"]
[Site "London"]
[Date "1979.04.13"]
[Round "2"]
[White "Taulbut, Shaun M"]
[Black "Plaskett, H James"]
[Result "0-1"]
[WhiteElo "2390"]
[BlackElo "2410"]
[PlyCount "72"]
[EventDate "1979.04.12"]
[EventType "swiss"]
[EventRounds "9"]
[EventCountry "ENG"]

1. e4 e5 2. Bc4 Nf6 3. d3 Nc6 4. Nf3 Be7 5. O-O d6 6. a4 Bg4 7. h3 Bh5 8. Nbd2
d5 9. exd5 Nxd5 10. Re1 f6 11. Ne4 Qd7 12. Ng3 Bg6 13. a5 a6 14. c3 O-O-O 15.
d4 exd4 16. Nxd4 Ne5 17. Be2 Bc5 18. Kh2 Rhe8 19. Rf1 f5 20. f4 Nc6 21. Nxc6
Qxc6 22. Bf3 Qb5 23. Be2 Qd7 24. Bf3 Ne3 25. Bxe3 Bxe3 26. Qb3 c6 27. Bh5 Bxh5
28. Nxh5 Qc7 29. Ra4 Re7 30. Rf3 g6 31. Ng3 Qd6 32. Nf1 Bc5 33. Ra1 Re4 34. g3
Re2+ 35. Kh1 Qe7 36. Rd1 Rxd1 0-1

[Event "Aaronson Masters 2nd"]
[Site "London"]
[Date "1979.04.13"]
[Round "2"]
[White "Van der Sterren, Paul"]
[Black "Rayner, Emmanuel"]
[Result "0-1"]
[WhiteElo "2400"]
[BlackElo "2325"]
[PlyCount "80"]
[EventDate "1979.04.12"]
[EventType "swiss"]
[EventRounds "9"]
[EventCountry "ENG"]

1. d4 Nf6 2. c4 g6 3. Nc3 d5 4. cxd5 Nxd5 5. e4 Nxc3 6. bxc3 Bg7 7. Bc4 O-O 8.
Ne2 b6 9. h4 Nc6 10. Bd5 Qd7 11. h5 e6 12. Bb3 Na5 13. hxg6 fxg6 14. Be3 Qb5
15. O-O c5 16. Qc2 Nxb3 17. axb3 cxd4 18. Nxd4 Qh5 19. c4 Qh4 20. f3 Be5 21. g4
Bd7 22. Rad1 Rf7 23. Qg2 Raf8 24. Ne2 g5 25. Bd4 Bc7 26. Bf2 Qh6 27. Bg3 e5 28.
Nc3 Bd6 29. Rd3 Bxg4 30. Rxd6 Qxd6 31. Rd1 Qc5+ 32. Bf2 Qb4 33. Rd3 Bxf3 34.
Rxf3 Rxf3 35. Qxg5+ Kh8 36. Qxe5+ R8f6 37. Nd5 Qf8 38. Nxf6 Qxf6 39. Qe8+ Kg7
40. Qd7+ Kh6 0-1

[Event "Aaronson Masters 2nd"]
[Site "London"]
[Date "1979.04.13"]
[Round "2"]
[White "Watson, John"]
[Black "Hillyard, Graham D"]
[Result "1-0"]
[WhiteElo "2375"]
[BlackElo "2325"]
[PlyCount "65"]
[EventDate "1979.04.12"]
[EventType "swiss"]
[EventRounds "9"]
[EventCountry "ENG"]

1. c4 e5 2. Nc3 Nf6 3. e3 Bb4 4. Qc2 Nc6 5. a3 Bxc3 6. Qxc3 d5 7. cxd5 Nxd5 8.
Qc2 O-O 9. Nf3 Qe7 10. d3 a5 11. b3 Nb6 12. Bb2 Bf5 13. Be2 Rfd8 14. Nd2 Rd6
15. Ne4 Bxe4 16. dxe4 a4 17. b4 Rad8 18. Rd1 Rxd1+ 19. Bxd1 Qe6 20. Be2 Qb3 21.
Qc1 Rd7 22. O-O f6 23. h3 Qf7 24. Bc3 Kh8 25. b5 Nd8 26. Ba5 Ne6 27. Qc2 Rd6
28. Rc1 h5 29. Rd1 Rxd1+ 30. Qxd1 g6 31. Bxb6 cxb6 32. Bc4 Qe7 33. Qd5 1-0

[Event "Aaronson Masters 2nd"]
[Site "London"]
[Date "1979.04.14"]
[Round "3"]
[White "Basman, Michael J"]
[Black "Watson, John"]
[Result "1/2-1/2"]
[WhiteElo "2405"]
[BlackElo "2375"]
[PlyCount "107"]
[EventDate "1979.04.12"]
[EventType "swiss"]
[EventRounds "9"]
[EventCountry "ENG"]

1. b4 d5 2. e3 e5 3. a3 Bd6 4. c4 c6 5. Bb2 Nf6 6. cxd5 cxd5 7. Nf3 Nbd7 8. Be2
O-O 9. O-O Qe7 10. Nc3 Rd8 11. Qb1 e4 12. Nd4 Ne5 13. Ncb5 Bb8 14. f4 exf3 15.
Nxf3 Ne4 16. Qe1 Nc4 17. Bd4 a6 18. Nc3 Nxc3 19. Bxc3 Rd6 20. Qh4 Qxh4 21. Nxh4
Ba7 22. Nf3 Bg4 23. Bxc4 dxc4 24. Ng5 f6 25. Ne4 Rc6 26. h3 Be2 27. Rf2 Bd3 28.
Ng3 Rd8 29. Nf5 Bxf5 30. Rxf5 Rd3 31. Re1 b5 32. Kf2 Re6 33. a4 bxa4 34. Ra5
Bxe3+ 35. Rxe3 Rexe3 36. dxe3 Rxc3 37. Rxa4 Rb3 38. Rxa6 Rxb4 39. Rc6 Kf7 40.
Rc7+ Kg6 41. Kf3 h5 42. g3 Kh6 43. Rc6 Kg5 44. Rc5+ Kg6 45. Rc7 Ra4 46. Rc5 Kh6
47. Rc6 Rb4 48. h4 Ra4 49. Rc5 Rb4 50. Rc6 Kh7 51. Rc7 Ra4 52. Rc5 g6 53. Rc7+
Kg8 54. Ke4 1/2-1/2

[Event "Aaronson Masters 2nd"]
[Site "London"]
[Date "1979.04.14"]
[Round "3"]
[White "Bellin, Robert"]
[Black "Littlewood, Paul E"]
[Result "0-1"]
[WhiteElo "2425"]
[BlackElo "2405"]
[PlyCount "112"]
[EventDate "1979.04.12"]
[EventType "swiss"]
[EventRounds "9"]
[EventCountry "ENG"]

1. e4 e5 2. Nf3 Nc6 3. Bb5 a6 4. Ba4 Nf6 5. O-O Be7 6. Re1 b5 7. Bb3 O-O 8. d4
d6 9. c3 Bg4 10. d5 Na5 11. Bc2 c6 12. h3 Bc8 13. dxc6 Qc7 14. Nbd2 Qxc6 15.
Nf1 Nc4 16. Ng3 Re8 17. a4 h6 18. axb5 axb5 19. Rxa8 Qxa8 20. Bd3 Bd7 21. b3
Nb6 22. Bb2 Qc6 23. Qe2 Ra8 24. Nf1 Ra2 25. Ra1 Rxa1 26. Bxa1 Qa8 27. Bb2 Qa2
28. Qc2 Bc6 29. N1d2 Nbd7 30. b4 Nb6 31. Qb1 Qa8 32. Kh2 Na4 33. Ba1 Bd8 34.
Kg1 Nh5 35. c4 Qb7 36. Qc2 Be7 37. Nb3 bxc4 38. Qxc4 Nb6 39. Qc1 Bxe4 40. Na5
Qd5 41. Bxe4 Qxe4 42. Nd2 Qd5 43. Ndc4 Nf4 44. Qf1 Nxc4 45. Nxc4 Qe4 46. Kh1
Nxg2 47. Qxg2 Qxc4 48. Qa8+ Bf8 49. Qa5 Qf1+ 50. Kh2 Qxf2+ 51. Kh1 e4 52. b5 d5
53. Qd8 Qf1+ 54. Kh2 Qxb5 55. Bd4 Qe2+ 56. Kg3 Qd3+ 0-1

[Event "Aaronson Masters 2nd"]
[Site "London"]
[Date "1979.04.14"]
[Round "3"]
[White "Borm, Frans"]
[Black "Kouatly, Bachar"]
[Result "1/2-1/2"]
[WhiteElo "2320"]
[BlackElo "2335"]
[PlyCount "79"]
[EventDate "1979.04.12"]
[EventType "swiss"]
[EventRounds "9"]
[EventCountry "ENG"]

1. e4 c5 2. Nf3 Nc6 3. d4 cxd4 4. Nxd4 Nf6 5. Nc3 e6 6. Ndb5 d6 7. Bf4 e5 8.
Bg5 a6 9. Na3 b5 10. Nd5 Be7 11. Bxf6 Bxf6 12. c3 Rb8 13. Be2 Bg5 14. O-O O-O
15. Qd3 Be6 16. Rfd1 Qd7 17. Qg3 Bd8 18. Nc2 Kh8 19. b4 f5 20. exf5 Bxd5 21.
Rxd5 Ne7 22. Rdd1 Nxf5 23. Qh3 Bb6 24. Bg4 Bxf2+ 25. Kxf2 Nh6+ 26. Bf3 Qxh3 27.
gxh3 e4 28. Nd4 exf3 29. a4 Nf5 30. axb5 axb5 31. Nxf5 Rxf5 32. Rd3 Re8 33.
Rxf3 Rxf3+ 34. Kxf3 Kg8 35. Rd1 Rc8 36. Rd3 Rc4 37. Ke2 Kf7 38. Kd2 Ke6 39. Rg3
g6 40. Kd3 1/2-1/2

[Event "Aaronson Masters 2nd"]
[Site "London"]
[Date "1979.04.14"]
[Round "3"]
[White "Perkins, Alan H"]
[Black "Nicholson, John G"]
[Result "0-1"]
[WhiteElo "2300"]
[BlackElo "2310"]
[PlyCount "79"]
[EventDate "1979.04.12"]
[EventType "swiss"]
[EventRounds "9"]
[EventCountry "ENG"]

1. c4 Nf6 2. Nc3 c5 3. g3 e6 4. Nf3 b6 5. Bg2 Bb7 6. O-O Be7 7. d4 cxd4 8. Qxd4
O-O 9. e4 d6 10. b3 Nbd7 11. Qe3 Re8 12. Rd1 a6 13. h3 Qb8 14. Nd4 Bf8 15. Re1
Ra7 16. Bb2 Ba8 17. Rad1 Rc7 18. Rd2 Ne5 19. Qe2 Rec8 20. f4 Nc6 21. Nc2 b5 22.
cxb5 Na7 23. bxa6 Rxc3 24. Bxc3 Rxc3 25. Rd3 Qb6+ 26. Kh2 Rxd3 27. Qxd3 d5 28.
e5 Ne4 29. b4 h5 30. a4 h4 31. gxh4 Be7 32. a5 Qb8 33. Rb1 Nc6 34. Bxe4 dxe4
35. Qxe4 Bxh4 36. Rd1 Ne7 37. a7 Qc8 38. Qd3 Nf5 39. Rg1 Qb7 40. Ne3 0-1